000 00278nam a2200097Ia 4500
001 1299420
005 20260417170344.0
008 260417s9999 xx 000 0 und d
245 0 _aTÜRKİYE'Yİ GEZİYORUM 2 LEVENT KONYA'DA
_cMUSTAFA ORAKÇI
260 _bTİMAŞ ÇOCUK YAYINLARI
999 _c1299420
_d1299420